Literary gardens as counter-archival spaces in the age of the anthropocene : (رقم التسجيلة. 179875)

تفاصيل مارك
000 -LEADER
fixed length control field 04415namaa22004211i 4500
003 - CONTROL NUMBER IDENTIFIER
control field EG-GICUC
005 - أخر تعامل مع التسجيلة
control field 20260430200752.0
008 - FIXED-LENGTH DATA ELEMENTS--GENERAL INFORMATION
fixed length control field 260430s2025 ua a|||frm||| 000 0 eng d
040 ## - CATALOGING SOURCE
Original cataloguing agency EG-GICUC
Language of cataloging eng
Transcribing agency EG-GICUC
Modifying agency EG-GICUC
Description conventions rda
041 0# - LANGUAGE CODE
Language code of text/sound track or separate title eng
Language code of summary or abstract eng
-- ara
049 ## - Acquisition Source
Acquisition Source Deposit
082 04 - DEWEY DECIMAL CLASSIFICATION NUMBER
Classification number 428.24
092 ## - LOCALLY ASSIGNED DEWEY CALL NUMBER (OCLC)
Classification number 428.24
Edition number 21
097 ## - Degree
Degree Ph.D
099 ## - LOCAL FREE-TEXT CALL NUMBER (OCLC)
Local Call Number Cai01.02.12.Ph.D.2025.Sa.L
100 0# - MAIN ENTRY--PERSONAL NAME
Authority record control number or standard number Safaa Mohamed Mahmoud Abdou,
Preparation preparation.
245 10 - TITLE STATEMENT
Title Literary gardens as counter-archival spaces in the age of the anthropocene :
Remainder of title a comparative feminist study of selected novels /
Statement of responsibility, etc. by Safaa Mohamed Mahmoud Abdou ; Supervision Prof. Pervine Yehia Elrefaei.
246 15 - VARYING FORM OF TITLE
Title proper/short title الحدائق الأدبية بوصفها مساحات أرشيفية مضادة في عصر الأنثروبوسين :
Remainder of title دراسة نسوية مقارنة لروايات مختارة
264 #0 - PRODUCTION, PUBLICATION, DISTRIBUTION, MANUFACTURE, AND COPYRIGHT NOTICE
Date of production, publication, distribution, manufacture, or copyright notice 2025.
300 ## - PHYSICAL DESCRIPTION
Extent 213 pages :
Other physical details illustrations ;
Dimensions 25 cm. +
Accompanying material CD.
336 ## - CONTENT TYPE
Content type term text
Source rda content
337 ## - MEDIA TYPE
Media type term Unmediated
Source rdamedia
338 ## - CARRIER TYPE
Carrier type term volume
Source rdacarrier
502 ## - DISSERTATION NOTE
Dissertation note Thesis (Ph.D)-Cairo University, 2025.
504 ## - BIBLIOGRAPHY, ETC. NOTE
Bibliography, etc. note Bibliography: pages 191-213.
520 #3 - SUMMARY, ETC.
Summary, etc. In the age of the Anthropocene, capitalism, imperialism, and climate change, <br/>horticultural issues of gardening and greening become pressing matters. This dissertation aims <br/>to conduct a comparative study of the literary representations of gardens as counter-archival <br/>spaces in three contemporary novels, mainly Diane Wilson’s The Seed Keeper (2021), Elif <br/>Shafak’s The Island of Missing Trees (2021), and Francesca Momplaisir’s The Garden of <br/>Broken Things (2022). Utilizing a multidisciplinary comparative approach, the dissertation <br/>draws on theories of the archive in relation to feminist, spatial, and environmental theories to <br/>explore how the garden represents a decolonial, political space, intrinsically intertwined with <br/>memory, history, identity, and power structures. It argues that, in the Anthropocene, the <br/>gardenscapes of gendered and political conflict emerge as sites of feminist and ecological <br/>resistance that unravel and navigate historical conflicts and identitarian issues.
520 #3 - SUMMARY, ETC.
Summary, etc. في عصر الأنثروبوسين، وفي ظل والرأسمالية والإمبريالية وتغير المناخ، أصبحت قضايا البستنة والتخضير مسائل ملحة. تهدف الرسالة إلى إجراء دراسة مقارنة للتمثيلات الأدبية للحدائق بوصفها مساحات أرشيفية نسوية مضادة في ثلاث روايات معاصرة من ثقافات مختلفة، وهم: حارس البذور (2021) للمؤلفة الأمريكية من السكان الأصليين ديان ويلسون وجزيرة الأشجار المفقودة (2021) للروائية التركية البريطانية إليف شفق وحديقة الأشياء المحطمة (2022) للكاتبة الهايتية فرانشيسكامومبليسير. باستخدام نهج مقارن متعدد التخصصات، تعتمد الرسالة على نظريات الأرشيف بالإضافة إلى نظريات النسوية والمكان والبيئة لدراسة تمثيل الحديقة بوصفها مكانديكولونياليسياسي يتشابك مع هياكل الذاكرة والتاريخ والهوية والسلطة وكيف تتعامل الشخصيات النسائية في هذه الروايات المختارة مع واقعها الجندريمن خلال الحديقة. تكشف الدراسة أن في عصر الأنثروبوسين، تظهر الحدائق كمساحات للمقاومة النسوية والبيئية ومواجهة الصراعات التاريخية ومناقشة قضايا الهوية.
530 ## - ADDITIONAL PHYSICAL FORM AVAILABLE NOTE
Issues CD Issues also as CD.
546 ## - LANGUAGE NOTE
Text Language Text in English and abstract in Arabic & English.
650 #0 - SUBJECT ADDED ENTRY--TOPICAL TERM
Topical term or geographic name entry element English Language
650 #0 - SUBJECT ADDED ENTRY--TOPICAL TERM
Topical term or geographic name entry element اللغة الإنجليزية
653 #0 - INDEX TERM--UNCONTROLLED
Uncontrolled term gardens
-- Anthropocene
-- feminist
-- archival
-- memory
-- الحدائق
-- الأنثروبوسين
700 0# - ADDED ENTRY--PERSONAL NAME
Personal name Pervine Yehia Elrefaei
Relator term thesis advisor.
900 ## - Thesis Information
Grant date 01-01-2025
Supervisory body Pervine Yehia Elrefaei
Universities Cairo University
Faculties Faculty of Arts
Department Department of English Language and Literature
905 ## - Cataloger and Reviser Names
Cataloger Name Shimaa
942 ## - ADDED ENTRY ELEMENTS (KOHA)
Source of classification or shelving scheme Dewey Decimal Classification
Koha item type Thesis
Edition 21
Suppress in OPAC No
المقتنيات
Source of classification or shelving scheme Home library Current library Date acquired Inventory number Full call number Barcode Date last seen Effective from Koha item type
Dewey Decimal Classification المكتبة المركزبة الجديدة - جامعة القاهرة قاعة الرسائل الجامعية - الدور الاول 30.04.2026 93927 Cai01.02.12.Ph.D.2025.Sa.L 01010110093927000 30.04.2026 30.04.2026 Thesis
Cairo University Libraries Portal Implemented & Customized by: Eng. M. Mohamady Contacts: new-lib@cl.cu.edu.eg | cnul@cl.cu.edu.eg
CUCL logo CNUL logo
© All rights reserved — Cairo University Libraries
CUCL logo
Implemented & Customized by: Eng. M. Mohamady Contact: new-lib@cl.cu.edu.eg © All rights reserved — New Central Library
CNUL logo
Implemented & Customized by: Eng. M. Mohamady Contact: cnul@cl.cu.edu.eg © All rights reserved — Cairo National University Library